000 00814nam a2200241Ia 4500
003 GCL
008 140319s9999 xx 000 0 ara d
040 _aGCL /
_cGCL
082 0 4 _a301.31
_bت ا
100 1 _aسيد رمضان هدارة (مترجم)
245 1 0 _aارض واحدة مستقبل واحد : بيئتنا العالمية المتغيرة /
_cسيد رمضان هدارة (مترجم)
700 1 _aتشيريل سيمون سيلفر
700 1 _aروث س0دى فريز
260 _a[S.N] :
_bالدار الدولية للنشر والتوزيع ،
_c1992
300 _a230 ص
490 _a
650 0 4 _aالبيئة
650 0 4 _aتلوث البيئة
650 0 4 _aحماية البيئة
650 0 4 _aالارض
650 0 4 _aالبيئة البحرية
942 _2ddc
_cBK
999 _c27748
_d27748